Cégeps et collèges publics québécois - Statistiques

Statistiques générales
  • Ce quiz a été pris 506 fois
    325 depuis la dernière actualisation
  • Le résultat moyen est 18 sur 51
Statistiques - réponses
Réponse % Correct
Cégep de Sherbrooke
63%
Cégep de Rimouski
58%
Cégep du Vieux-Montréal
58%
Cégep de Trois-Rivières
55%
Cégep de Lévis
54%
Cégep de Chicoutimi
53%
Cégep Limoilou
49%
Cégep régional de Lanaudière
49%
Cégep de Jonquière
48%
Cégep de Sainte-Foy
48%
Cégep Garneau
46%
Collège de Maisonneuve
46%
Collège Montmorency
46%
Cégep de Saint-Jérôme
45%
Collège d'Alma
45%
Cégep de la Gaspésie et des Îles
44%
Cégep de Drummondville
43%
Cégep de Rivière-du-Loup
43%
Cégep de Saint-Laurent
42%
Cégep de Shawinigan
41%
Dawson College
41%
Cégep de Baie-Comeau
40%
Cégep de Sept-Îles
40%
Collège Ahuntsic
40%
Cégep de Saint-Jean-sur-Richelieu
38%
Cégep de Victoriaville
38%
Cégep de Granby
37%
Cégep de l'Outaouais
37%
Cégep de Matane
37%
Collège Lionel-Groulx
37%
Cégep Édouard-Montpetit
36%
Cégep de Saint-Hyacinthe
35%
Collège de Rosemont
32%
Cégep Marie-Victorin
31%
Cégep de Saint-Félicien
30%
Cégep André-Laurendeau
29%
Cégep de La Pocatière
29%
Collège de Bois-de-Boulogne
26%
Cégep Vanier College
25%
Cégep de l'Abitibi-Témiscamingue
24%
Collège de Valleyfield
24%
Champlain College - St. Lawrence
23%
Cégep de Thetford
22%
Cégep John Abbott College
21%
Cégep Beauce-Appalaches
17%
Cégep de Sorel-Tracy
15%
Champlain College - Lennoxville
12%
Cégep Gérald-Godin
11%
Cégep Heritage College
9%
Champlain College - Saint-Lambert
8%
Cégep à distance
2%
Aucun quiz correspondant
Distribution des résultats
% des personnes avec chaque résultat
Percentile par nombre de réponses
Votre historique - résultats
Vous n’avez pas pris ce quiz depuis la dernière actualisation